Minnesota Vikings Quiz - Statistics

General Stats
  • This quiz has been taken 173 times
  • The average score is 10 of 13
Answer Stats
Question Answer % Correct
How many super bowls have they lost 4
94%
how many did they win 0
93%
Other nfc north team Bears
93%
Biggest rival Packers
93%
Other rival Lions
92%
Greatest Active Receiver Justin Jefferson
91%
Who they played Indianapolis Colts
89%
Greatest Retired Receiver Randy Moss
89%
Best Record (like this: 14-2) 15-1
75%
What was the largest comeback in nfl history (example: 28-0) 33-0
70%
what year were they founded 1960
61%
The final score (example: 31-28) 39-36
57%
Worst Record (Like this: 0-16) 2-11-1
27%
No matching quizzes found
Score Distribution
Percent of People with Each Score
Percentile by Number Answered
Your Score History
You have not taken this quiz